| 000 | 00892nam a22002897a 4500 | ||
|---|---|---|---|
| 003 | CHAP | ||
| 005 | 20220817042135.0 | ||
| 008 | 971013s1984 r 00010 d | ||
| 010 | _a35885 | ||
| 011 | _a36857 | ||
| 035 | _a40976 | ||
| 040 | _cCHAP | ||
| 090 | _aFolleto 7984 | ||
| 110 | _aFAO | ||
| 245 |
_aCooperación fiduciaria _b: fondo fiduciario de la FAO en acción |
||
| 260 |
_aRoma : _b(FAO), _c(1984) |
||
| 300 |
_a41 p. _b: ilus. ; gráfs. |
||
| 590 |
_aBATCH-UPD _b10 _c20130110 _lUCH01 _h1907 |
||
| 590 |
_aBATCH-UPD _b10 _c20130410 _lUCH01 _h1234 |
||
| 590 |
_aBATCH-UPD _b10 _c20130914 _lUCH01 _h1048 |
||
| 590 |
_aCONVERSION _b10 _c20130109 _lUCH01 _h1320 |
||
| 650 | 1 | 4 |
_aCooperación agrícola internacional. _927767 |
| 650 | 1 | 4 |
_aOrganismos Internacionales Agrícolas. _983526 |
| 901 | _aBK | ||
| 942 | _cFOLL | ||
| 949 |
_aFolleto 7984 _bBC _cFAO _d-93828 _eFAO1 _i40976 _mD _si |
||
| 999 |
_c35885 _d35885 |
||